Recuerdos de otros tiempos : alumnos y maestros / Manuel Mallén Garzón alumnos y maestros / Manuel Mallén Garzón
Descripción Física:
73 p., [9] f. de làm. : il. ; 22 cm
MARC
| LEADER | 00000nam a2200000Ia 4500 | ||
|---|---|---|---|
| 001 | 13873 | ||
| 008 | 160829s9999 xx 000 0 cat d | ||
| 080 | |a E-1-217 | ||
| 100 | |a Mallén Garzón, Manuel |9 22407 | ||
| 245 | |a Recuerdos de otros tiempos : |b alumnos y maestros / Manuel Mallén Garzón | ||
| 260 | |a Barcelona : |b Casa Provincial de Caridad, DL 1973 | ||
| 300 | |a 73 p., [9] f. de làm. : |b il. ; |c 22 cm | ||
| 590 | |a A la portada: Barcelona, 1966-73 | ||
| 650 | |a Mallén Garzón, Manuel |x Autobiografia |9 22408 | ||
| 650 | |a Escuela Superior de Comercio (Barcelona) |9 22409 | ||
| 650 | |a Escuela de Altos Estudios Mercantiles (Barcelona) |9 22410 | ||
| 901 | |a Arxiu | ||
| 942 | |n 1 | ||
| 952 | |0 0 |1 0 |4 0 |6 E1217 |7 1 |9 42202 |a Arxiu |b Arxiu |d 2016-12-01 |l 0 |o E-1-217 |p 13873 |r 2016-12-01 00:00:00 |w 2016-12-01 |y ARXIU | ||
| 999 | |c 44649 |d 44649 | ||